00681nam a22001937i 4500003000900000005001700009007000300026008004100029040003000070041000800100082001900108245008800127264010800215300002700323336002700350337003300377338002800410700004900438DO-SdBNP20260410082908.0ta110301s1997 dr 000 0 spa d aDO-SdBNPbspacBNPHUerda aspa axxxxbS19422200aSan Charbel :bcélebre monje maronitacpresentación Juan Antonio Flores Santana aSantiago de los Caballeros, República Dominicana :bArzobispado de Santiago de los Caballeros,c1997. a71 páginas :c21 cm. ardacontentbtexto2txt ardamediabsin mediación2n ardacarrierbvolumen2nc12aFlores Santana, Juan Antonioepresentación